| 000 | 012950000a22002890004500 | ||
|---|---|---|---|
| 999 |
_c46368 _d46368 |
||
| 001 | 20014 | ||
| 003 | CO-MdFUSB | ||
| 005 | 20180529102757.0 | ||
| 008 | 180529t1929 enk||||g |||| 00| 0 eng d | ||
| 040 |
_aCO-MdFUSB _bspa _cCO-MdFUSB _dCO-MdFUSB _erda |
||
| 041 | _aeng | ||
| 082 |
_224 _aG 225.92 _bD911s |
||
| 100 | 1 |
_aDuncan, George S. _eautor |
|
| 245 | 1 | 0 |
_aSt. Paul's Ephesian ministry _b: A reconstruction with special reference to the Ephesian origin of the imprisonment epistles _c/ George S. Duncan |
| 264 | 1 |
_aLondon : _bHodder and Stoughton, _c℗1929 |
|
| 300 |
_a303 páginas _b: _c; |
||
| 336 |
_2rdacontent _atexto _btxt |
||
| 337 |
_2rdamedia _asin mediación _bn |
||
| 338 |
_2rdacarrier _avolumen _bnc |
||
| 501 | _aIncluye índices (p. 301-303) | ||
| 505 | 0 | _aEl ministerio de Efesio de San Pablo: Una reconstrucción con especial referencia al origen de Efesio de las epístolas de prisión -- Relato histórico, con especial referencia al desarrollo de la oposición -- La hipótesis de una pena de prisión de Efesio -- Éfesio como base de los movimientos de Pablo -- La ofrenda para los santos -- La oposición a Pablo | |
| 563 | _aPasta dura | ||
| 630 | 0 | 7 |
_aBiblia. _pEpístolas Paulinas |
| 630 | 0 | 7 |
_aBiblia. _pEfesios |
| 942 | _cBK | ||